Kriminalistická fotografia dočasný učebný text pre poslucháčov FV VŠ ZNB

Bibliographic Details
Main Authors: Hupka, Silvester (Author), Hlava, Jiří (Author)
Format: Book
Language:Slovak
PhysicalDescription:184 s. 28 cm
Published: Bratislava Vysoká škola Zboru národnej bezpečnosti 1981
Subjects:

MARC

LEADER 00000nam a2200000 a 4500
001 vtls001359721
003 SK-MaSNL
005 20260301010633.0
008 240509s1981 xo a 0 slo
020 |c b.c. 
035 |a SNK000313260 
040 |a SNK  |b slo  |c SNK  |e AACR2 
041 0 |a slo 
044 |a xo  |c SK 
080 |a 343.98(075.8)  |2 1981 
100 1 |a Hupka, Silvester  |4 aut  |9 39272 
245 1 0 |a Kriminalistická fotografia  |b dočasný učebný text pre poslucháčov FV VŠ ZNB  |c Silveste Hupka - Jiří Hlava 
260 |a Bratislava  |b Vysoká škola Zboru národnej bezpečnosti  |c 1981 
300 |a 184 s.  |c 28 cm 
650 0 7 |a kriminalistika  |x metódy fotografické  |2 SNK  |9 292765 
655 7 |a Textbooks (higher)  |2 SNKPHeng  |9 276436 
655 7 |a učebnice vysokých škôl  |2 SNKPH  |9 70191 
700 1 |a Hlava, Jiří  |4 aut  |9 39271 
958 |a OND 
999 |c 548692  |d 550622 
952 |t P60, <03>, [BOOK], {603}  |a SNK  |b SNK  |y PREZ  |7 0  |p 17A0189043  |o snkSB 60165/[1]  |i snkD 668/99  |0 0  |1 0  |4 0  |d 1999-04-08  |f 1  |l 0  |r 2025-04-09 00:00:00  |w 2026-02-23 
952 |t P60, <04>, [BOOK], {604}  |a SNK  |b SNK  |y VYP  |7 0  |p 17A0189042  |o snkSB 60165/[1] D1  |i snkD 669/99  |0 0  |1 0  |4 0  |d 1999-04-08  |l 0  |r 2005-01-02 00:00:00  |w 2026-02-23